| 000 | 00466cam a2200169 4500 | ||
|---|---|---|---|
| 001 | D3549 | ||
| 008 | 090401t1983 xxu||||| |||| 00| 0 eng d | ||
| 035 | _a(Sirsi) u73732 | ||
| 041 | _aeng | ||
| 050 | _a333.33 | ||
| 245 | _aEstates Times review January 1983. Special feature: North America. Historic towns: Manchester | ||
| 260 |
_aLondon _bMorgan Grampian (Construction Press) _c1983 |
||
| 300 | _a74p. 28cm | ||
| 350 | _a2 | ||
| 942 | _n0 | ||
| 948 | _c04/03/1997 | ||
| 999 |
_c95689 _d95689 |
||